| 000 | 00882nam a2200217Ia 4500 | ||
|---|---|---|---|
| 001 | 5616 | ||
| 003 | GE_BSU | ||
| 008 | 181216s||||||||xx |||||||||||||| ||und|| | ||
| 040 | _cGE_BSU | ||
| 080 | _a514.11 | ||
| 100 | _aКрыжановский Д.А | ||
| 245 | _aИзопериметры. Максимальные и минимальныеное и минимальныеное свойства геометрических фигур | ||
| 245 | _cПод.ред. И.М. Яглома | ||
| 250 | _aизд.3-ье | ||
| 260 | _aМосква | ||
| 260 | _bГосиздат физ-мат ли-ры | ||
| 260 | _c1959 | ||
| 300 | _a114 с.20 см. | ||
| 653 | _aИзопериметры Максимальныеи минимальныеное и минимальныеноеи минимальныеное свойства геометрических фтгр | ||
| 942 | _cBK | ||
| 999 |
_c39069 _d39069 |
||